| 000 | 005130000a22001210004500 | ||
|---|---|---|---|
| 100 | 1 | _aAdams, Steve | |
| 245 | 1 | 0 | _aMissing essentials. |
| 300 | _a(sum., 2009), p.24-26 | ||
| 520 | _aUsted usa el baño sin pensar. Sin verificar, usted sabe que está a un paso del grifo. y sin duda, usted sabe que es poco probable que la falta de saneamiento o el agua sucia lo mate. Pero para Billones de personas, estas cosas esenciales son solo anhelos. | ||
| 650 | 1 | 4 | _aNECESIDAD DE AGUA |
| 773 | 0 | _tTeartimes | |
| 942 | _cANA | ||
| 999 |
_c63106 _d63106 |
||